00504nam a2200181 a 450000100100000000500170001000800410002702000150006804000130008308200150009610000270011124500360013826000390017430000200021350000210023350000380025450400300029200000185420200929145730.0090629s1998 sp 001 0 spa d a8448303210 aDO-SdBNP axxxbM828e1 aMoral Ruiz, Carmen del13aEl 98 /cCarmen del Moral Ruiz. aMadrid :bAcento Editorial,c1998. a89 p. ;c20 cm. aIncluye índice aIncluye notas al pie de páginas aBibliografía : p. 79-82